000 02032nam a2200241 a 4500
003 DO-SdBNP
005 20260429123224.0
007 ta
008 210809e2005 dr acd|er|||| 001 0 spa d
040 _aDO-SdBNP
_bspa
_cBNPHU
082 4 _222
_bP273r
245 1 4 _aLas reformas electorales pendientes :
_bórganos electorales, listas de candidaturas y cuota femenina
260 _aSanto Domingo :
_bUSAID,
_c2005
300 _a218 p. :
_bil., gráf., retr. ;
_c21 cm.
504 _aBibliografía: p. 211- 212
505 _aIntroducción.
_t2. "Reformas electorales y los Desafíos de la Gobernabilidad Democrática en la República Dominicana /
_r(Dra. Rosario Espinal).--
_t3. Los Órganos Electorales: Estructura, Atribuciones y Competencia /
_r(Dr Luis Arias Núñez).--
_t4. ¿Qué es el Instituto Federal Electoral de México? /
_r(Lic. Javier Romo Michaud).--
_t5. Prevención y Persecución de los Delitos Electorales en México /
_r(Dra María de los Angeles Fromow Rangel).--
_t6. Conflictos y Delitos Electorales: Prevención, Persecución y Solución /
_r(Lic. José del Castillo).--
_t7. La Participación Política de las Mujeres y la Ley de Cupos en Argentina /
_r(Dra. María José Lubertino).--
_t8. Mecanismos de Acción Afirmativa y Cuota de Candidatura Femenina: Caso República Dominicana /
_r(Ing. Angela Jáquez).--
_t9. La Evolución de las Circunscripción Electorales en Bolivia, 1979 - 2004 /
_r(Dr Salvador Romero Bollivián).--
_t10. Las Circunscripciones Electorales para el Parlamento y los Ayuntamientos /
_r(Ing. Angel Acosta).--
_t11. Clientelismo Político y Manipulación del Voto: Presencia y Transformación en el Siglo XXI en América Latina /
_r(Dr. Héctor Díaz Santana).--
590 _aInventariado 2021 / MF
650 4 _939150
_aElecciones
_xCongresos, Conferencias, etc
_zAmérica Latina
650 4 _944497
_aAmérica Latina
_xPolítica y Gobierno
_ySiglo XXI
650 4 _939150
_aElecciones
_xCongresos, Conferencias, etc.
_zAmérica Latina
650 2 0 _aParticipación política
_9456
942 _2ddc
_cLBS1
999 _c50207
_d50207